000 00386 a2200157 4500
001 180295
020 _a
040 _cMagnum
100 _aCalmon, Pedro
240 1 0 _aHistoria do brasil/v.7/jose olympio/sec. 20
_lpor
245 1 0 _aHistoria do brasil/v.7/jose olympio/sec. 20
362 0 _a1899
440 1 _aJosé Olympio
697 _aMAGNITO: HISTORIA DO BRASIL
942 _cBK
999 _c180295
_d180295